LEADER 01042nam a2200253 4500 001 000000367706 003 CaOOAMICUS 005 20260512123929.0 008 260511s2003 it a 000 u ita r 020 $a88-09-03287-X 040 $aSeMil$bita 100 1 $aPrette, Maria Carla.$0(OLS)http://semarc/name/124375 245 10$aLeggere l'arte :$bstoria, linguaggi, epoche, stili /$cMaria Carla Prette, Alfonso De Giorgis. 264 1$aFirenze :$bGiunti,$c2003. 300 $a478 p. :$bill. ;$c27 cm 650 4$aArte - Studi.$0(OLS)http://semarc/subject/5860 700 1 $aDe Giorgis, Alfonso.$0(OLS)http://semarc/name/124376 850 $aSeMil 852 $aSeMil$W1$xVenegono$y1$B258369$CSeMilBibl$Z2$F258369 $81 961 $aCaspani Maurizio - Lascito 996 $6020$a88-09-03287-X$9(OLS)http://semarc/number/305886 996 $6245$aLeggere l'arte :$bstoria, linguaggi, epoche, stili$9(OLS)http://semarc/title/459694 996 $6264$aFirenze :$bGiunti$9(OLS)http://semarc/publisher/30127